000 01023nam a2200289 i 4500
001 180856
003 ES-MaACL
005 20250831104644.0
008 120720s1991 sp ao |||| | spa d
020 _a84-7679-199-2
080 _a728.82(460.12 O.)
080 _a726.54(460.12 O.)
100 1 _aCuadrado, Marta.
_9151108
245 1 0 _aArquitectura palatina del Naranco /
_cpor Marta Cuadrado.
260 _aMadrid :
_bHistoria Viva,
_c[1991]
300 _aVIII, 31 p. :
_bil. col. y n. ;
_c24 cm.
490 1 _aCuadernos de arte español ;
_v55
504 _aBibliografía: p. 31.
594 _aEn cub.: Historia 16.
610 2 7 _aIglesia de Santa María del Naranco (Oviedo)
_2
_9150874
610 2 7 _aIglesia de San Miguel de Lillo
_2
_9150875
650 4 _aArte prerrománico-
_zAsturias (Comunidad Autónoma)
_910276
651 7 _aOviedo-
_xEdificios, estructuras, etc.
_9151109
830 0 0 _aCuadernos de arte español
_v55
_9191338
852 _aES-MaACL
_j2314-F-31
999 _c180856
_d180856